| 000 | 01301nmc a2200397 a 4500 | ||
|---|---|---|---|
| 003 | AR-BaBNM | ||
| 005 | 20251128210224.0 | ||
| 008 | 209019s1992 ||||||||||||||000 | spa|| | ||
| 020 | _a84-321-2894-5 | ||
| 040 | _cAR-BaBNM | ||
| 245 | 1 | 0 | _aEnseñanza de la lengua y la literatura en la educación secundaria |
| 260 |
_aMadrid _bEdiciones Rialp _c1992 |
||
| 300 | _a414 p. | ||
| 490 | 0 |
_aTratado de educación personalizada _vv. 21 |
|
| 500 | _aContiene apéndices p. 337-414 | ||
| 500 | _aEl apéndice 3 fue escrito por el Círculo de Educación Personalizada | ||
| 504 | _aContiene bibliografía al final de cada capítulo | ||
| 650 | 4 | _aANALISIS LITERARIO | |
| 653 | _aENSENANZA DE LA LENGUA | ||
| 653 | _aENSEÑANZA DE LA LITERATURA | ||
| 653 | _aEDUCACION SECUNDARIA | ||
| 653 | _aEDUCACION PERSONALIZADA | ||
| 653 | _aANALISIS DE TEXTOS | ||
| 700 | 1 | _aSerrano Pedroche, Lucrecio | |
| 700 | 1 | _aAlvarez Aranguren, Lucio | |
| 700 | 1 | _aBarral Díaz, José Antonio | |
| 700 | 1 | _aCasanova Rodríguez, María Antonia | |
| 700 | 1 | _aDíaz Barranco, Ana | |
| 700 | 1 | _aGil, Carmen | |
| 700 | 1 | _aMoliner, Luis | |
| 700 | 1 | _aReyzábal, María Victoria | |
| 700 | 1 | _aSampedro Millares, Angel | |
| 800 | 1 |
_aGarcía Hoz, Victor _edirector |
|
| 942 | _cBK | ||
| 998 | _cRaquel | ||
| 999 |
_c14565 _d14565 |
||